000 00468nam a2200181Ia 4500
005 20250508160844.0
008 008 250505s9999 xx 000 0 hin d
037 _aTextual
040 _aFEDL
_beng
_cFEDL
041 _ahin
_2hin
084 _aB, HUS
_qFEDL
100 _aNoorani A G
245 0 _aRashtrapati Jakir Husian
260 _aDelhi, India
_bRajpal and Sons
_c1974
300 _a171p.
942 _cTEXL
_hB, HUS
999 _c1367018
_d1367018